OUR CONSTITUTION (Record no. 33499)

MARC details
000 -LEADER
fixed length control field 00253nam a22001217a 4500
003 - CONTROL NUMBER IDENTIFIER
control field SGT
082 ## - DEWEY DECIMAL CLASSIFICATION NUMBER
Classification number 954.042
Item number KAS
100 ## - MAIN ENTRY--PERSONAL NAME
Personal name KASHYAP SUBHASH .C
245 ## - TITLE STATEMENT
Title OUR CONSTITUTION
260 ## - PUBLICATION, DISTRIBUTION, ETC. (IMPRINT)
Place of publication, distribution, etc INDIA
Name of publisher, distributor, etc NBT PUB
Year of Publication 2010
300 ## - PAGE DESCRIPTION
No. of Pages 416
942 ## - ADDED ENTRY ELEMENTS (KOHA)
Source of classification or shelving scheme Dewey Decimal Classification
Koha item type Books
Holdings
Withdrawn status Lost status Source of classification or shelving scheme Damaged status Not for loan Collection code Home library Current library Shelving location Date acquired SGTU Total Checkouts Full call number Accession No. (Barcode) Date last seen Bill Date Koha item type
    Dewey Decimal Classification     MASS COMMUNICATION SGT Science & Social Sciences Library SGT Science & Social Sciences Library Text Book 23/01/2026 SGTU   954.042 KAS MC1318 23/01/2026 23/01/2026 Books